[Event "36th Barbera Open"]
[Site "Barbera del Valles ESP"]
[Date "2013.07.06"]
[Round "3.17"]
[White "Smith,T"]
[Black "Alonso Moyano,J"]
[Result "0-1"]
[WhiteElo "2193"]
[BlackElo "2420"]

1.e4 c5 2.Nf3 d6 3.d4 cxd4 4.Nxd4 Nf6 5.Nc3 a6 6.Be3 e5 7.Nb3 Be6 8.f3 h5
9.Qd2 Nbd7 10.Nd5 Bxd5 11.exd5 Rc8 12.Na5 Qc7 13.c4 Be7 14.Be2 O-O 15.O-O Rfe8
16.b4 e4 17.f4 Ng4 18.Bxg4 hxg4 19.Rac1 Qb8 20.Rfd1 Bd8 21.Nb3 b6 22.Nd4 Qb7
23.Nf5 Qb8 24.Qe2 Nf6 25.Bd4 e3 26.a4 Re4 27.Qd3 e2 28.Re1 Rxf4 29.Be3 Rf1+
30.Rxf1 exf1=R+ 31.Qxf1 b5 32.axb5 axb5 33.cxb5 Rxc1 34.Bxc1 Nxd5 35.Bb2 Bb6+
36.Kh1 Ne3 37.Nxe3 Bxe3 38.Qa1 Qxb5 39.Bxg7 d5 40.Bf6 d4 41.Qa8+ Kh7 42.Qe4+ Kh6
43.h3 Qf1+ 44.Kh2 Bf4+  0-1

[Event "36th Barbera Open"]
[Site "Barbera del Valles ESP"]
[Date "2013.07.06"]
[Round "3.11"]
[White "Vehi Bach,V"]
[Black "Narayanan,Sri"]
[Result "1/2-1/2"]
[WhiteElo "2308"]
[BlackElo "2475"]

1.e4 c5 2.Nf3 d6 3.d4 Nf6 4.Nc3 cxd4 5.Nxd4 a6 6.Be3 e5 7.Nb3 Be6 8.h3 Be7
9.Qf3 O-O 10.O-O-O a5 11.a4 Qc7 12.g4 Na6 13.g5 Nd7 14.Kb1 Nb4 15.h4 Nb6
16.Bxb6 Qxb6 17.Bb5 Rac8 18.Qg3 f5 19.gxf6 Rxf6 20.Rhg1 g6 21.f3 Qe3 22.Rgf1 Rxc3
23.bxc3 Qxc3 24.Qg2 Bh3 25.Qd2 Qxd2 26.Nxd2 Bxf1 27.Rxf1 Rf4 28.Nc4 Rxh4
29.Nxa5 Rh2 30.c3 Nc2 31.Nxb7 Na3+ 32.Ka1 Nxb5 33.axb5 Rc2 34.Na5 Rxc3 35.Nc6 Bg5
36.Rb1 Bc1 37.Rb4 Be3 38.Ne7+ Kf7 39.Nd5 Bc5 40.b6 Ra3+ 41.Kb2 Ra8 42.b7 Rb8
43.Rb3 h5 44.Nc7 h4 45.Na6 h3 46.Nxb8 h2 47.Nc6 h1=Q 48.b8=Q Qg2+ 49.Kb1 Qf1+
50.Kb2 Qe2+ 51.Kb1 Qd1+ 52.Kb2 Qd2+ 53.Kb1 Qd1+  1/2-1/2

[Event "41st TCh-GRE"]
[Site "Rio (Achaia) GRE"]
[Date "2013.07.06"]
[Round "6.1"]
[White "Balogh,C"]
[Black "Kempinski,R"]
[Result "1/2-1/2"]
[WhiteElo "2647"]
[BlackElo "2569"]

1.e4 c5 2.Nf3 d6 3.d4 cxd4 4.Nxd4 Nf6 5.Nc3 a6 6.Be3 e5 7.Nb3 Be7 8.h3 O-O
9.g4 Be6 10.Qd2 d5 11.exd5 Nxd5 12.Nxd5 Bxd5 13.Rg1 Nc6 14.O-O-O Bf3 15.Qxd8 Rfxd8
16.Rxd8+ Rxd8 17.Nd2 Bd5 18.Bc4 Bxc4 19.Nxc4 b5 20.Nd2 f6 21.c3 Kf7 22.Kc2 g6
23.f4 exf4 24.Bxf4 Bd6 25.Rf1 Bxf4 26.Rxf4 Ke6 27.a4 Rd5 28.axb5 axb5 29.Nf3 h5
30.b3 hxg4  1/2-1/2

[Event "20th Abu Dhabi Masters 2013"]
[Site "Abu Dhabi UAE"]
[Date "2013.07.07"]
[Round "9.11"]
[White "Asgarizadeh,A"]
[Black "Karavade,E"]
[Result "1-0"]
[WhiteElo "2347"]
[BlackElo "2398"]

1.e4 c5 2.Nf3 d6 3.d4 cxd4 4.Nxd4 Nf6 5.Nc3 a6 6.Be3 e5 7.Nf3 Be7 8.Bc4 O-O
9.O-O Qc7 10.Bb3 Be6 11.Nh4 g6 12.Bh6 Re8 13.Qd2 Nh5 14.Nf3 Nf6 15.Bxe6 fxe6
16.Ng5 Qd7 17.f4 Ng4 18.f5 Nxh6 19.fxe6 Qc8 20.Nf7 Ng4 21.Nd5 Qc5+ 22.Kh1 Nc6
23.Nh6+ Nxh6 24.Qxh6 Rf8 25.Rf7 Rxf7 26.exf7+ Kxf7 27.Qxh7+ Ke8 28.Qxg6+ Kd7
29.Qg4+ Kd8 30.Qg8+ Kd7 31.Qxa8 Nd8 32.c3  1-0

[Event "3rd SPAChess Open"]
[Site "Amsterdam NED"]
[Date "2013.07.07"]
[Round "2.24"]
[White "Vroombout,E"]
[Black "Lentjes,N"]
[Result "0-1"]
[WhiteElo "2180"]
[BlackElo "1995"]

1.e4 c5 2.Nf3 d6 3.d4 cxd4 4.Nxd4 Nf6 5.Nc3 a6 6.Be3 Ng4 7.Bg5 h6 8.Bh4 g5
9.Bg3 Bg7 10.h3 Nf6 11.f3 Qc7 12.Qd2 Nc6 13.Bf2 Bd7 14.a4 Na5 15.Nd5 Nxd5
16.exd5 Nc4 17.Qc3 Rc8 18.b3 Ne5 19.Qxc7 Rxc7 20.a5 O-O 21.c4 Ng6 22.Ra2 e6
23.dxe6 fxe6 24.Be2 Nf4 25.O-O e5  0-1

[Event "ch-BEL Open 2013"]
[Site "Antwerp BEL"]
[Date "2013.07.07"]
[Round "2.2"]
[White "Beukema,S"]
[Black "Tuerlinckx,Ben"]
[Result "1-0"]
[WhiteElo "2295"]
[BlackElo "1964"]

1.e4 c5 2.Nf3 d6 3.d4 cxd4 4.Nxd4 Nf6 5.Nc3 a6 6.Be3 e5 7.Nb3 Be6 8.f4 exf4
9.Bxf4 Be7 10.h3 O-O 11.Qe2 b5 12.O-O-O b4 13.Nd5 Bxd5 14.exd5 Nfd7 15.Kb1 Re8
16.Re1 Ne5 17.Bxe5 dxe5 18.Qxe5 Nd7 19.Qf5 g6 20.Qf3 Bf6 21.Bd3 Ne5 22.Qf4 Bg5
23.Qd4 Nxd3 24.Qxd3 Qd6 25.Rd1 Bf6 26.Nd2 Bg7 27.Nc4 Qc5 28.d6 Red8 29.Rhe1 Rd7
30.Qd5 Qxd5 31.Rxd5 Rad8 32.Red1 Bf8 33.Ra5 Ra7 34.a3 bxa3 35.Rxa3 f5 36.b4 Rb7
37.c3 Rc8 38.Ne5 Bg7 39.Ra5 Rxc3 40.d7 Rxb4+ 41.Ka2 Rc2+ 42.Ka3 Rbb2 43.d8=Q+ Bf8+
44.Qxf8+ Kxf8 45.Nc4 Rb5 46.Rxb5 axb5 47.Nd2 Rc3+ 48.Kb4 Rg3 49.Rg1 Ke7 50.Kxb5 Ke6
51.Kc4 Ke5 52.Nf3+ Kf4 53.Kd4 g5 54.Ne5 Ra3 55.g3+ Rxg3 56.Rf1+  1-0

[Event "41st TCh-GRE"]
[Site "Rio (Achaia) GRE"]
[Date "2013.07.07"]
[Round "7.3"]
[White "Georgiadis,I"]
[Black "Vragoteris,A"]
[Result "1-0"]
[WhiteElo "2449"]
[BlackElo "2259"]

1.e4 c5 2.Nf3 d6 3.d4 cxd4 4.Nxd4 Nf6 5.Nc3 a6 6.Be3 e5 7.Nb3 Be6 8.h3 Nbd7
9.g4 Rc8 10.Qd2 b5 11.O-O-O Nb6 12.Kb1 b4 13.Nd5 Nxe4 14.Qxb4 Nxd5 15.Qxe4 Nxe3
16.Qxe3 Be7 17.Bxa6 Rb8 18.f4 Qb6 19.Qxb6 Rxb6 20.Be2 exf4 21.Nd4 Bf6 22.Bb5+ Ke7
23.a4 Rc8 24.Rhe1 Be5 25.a5 Bxd4 26.axb6 Bxb6 27.Be2 Bf2 28.Rf1 Be3 29.Bf3 Rc5
30.Rfe1 h5 31.gxh5 Bxh3 32.Rd5 Rxd5 33.Bxd5 Bg4 34.Rh1 Kf6 35.h6 gxh6 36.Rxh6+ Ke5
37.Bc4 f3 38.Rh7 d5 39.Bd3 Be6 40.Rh4 Bg5 41.Rh5 f6 42.b4 Bf5 43.Bf1 Kd4
44.b5 Kc5 45.Rh8 d4 46.Rd8 Be3 47.Rf8 Bg5 48.Kb2 Be6 49.Re8 Bf5 50.Re7 Bf4
51.Rf7 Be5 52.Kc1 d3 53.cxd3 Bd4 54.Rb7 Be6 55.Kd2 Bd5 56.Rb8 Be6 57.Rd8 Be5
58.Ke3 Bc7 59.d4+ Kb4 60.Ke4  1-0

[Event "41st TCh-GRE"]
[Site "Rio (Achaia) GRE"]
[Date "2013.07.07"]
[Round "7.9"]
[White "Papadopoulos,Geo4"]
[Black "Tsaknakis,Zisis"]
[Result "1/2-1/2"]
[WhiteElo "1826"]
[BlackElo "1706"]

1.e4 c5 2.Nf3 d6 3.d4 cxd4 4.Nxd4 Nf6 5.Nc3 a6 6.Be3 e5 7.Nb3 Be6 8.h3 Be7
9.Qf3 O-O 10.g4 b5 11.O-O-O Nbd7 12.Kb1 Rc8 13.Nd5 Bxd5 14.exd5 Nb6 15.Bd3 Nc4
16.Bc1 a5 17.g5 Nd7 18.h4 Kh8 19.Qf5 g6 20.Qf3 f5 21.h5 Kg7 22.Qh3 Rg8 23.hxg6 hxg6
24.Qh7+ Kf8 25.Bxf5 gxf5 26.Qxf5+ Ke8 27.Rh7 Nf8 28.Qf7+ Kd7 29.Qxg8 Nxh7
30.Qxh7 a4 31.Nd2 Qf8 32.Qh3+ Kd8 33.Nxc4 Rxc4 34.Be3 Qf7 35.Qh8+ Kc7 36.Rd2 Qf5
37.Qg7 Kd7 38.a3 b4 39.axb4 Rxb4 40.Rd3 Rb3 41.Rc3 Rxc3 42.bxc3 a3 43.Qh8 a2+
44.Kb2 a1=Q+ 45.Kxa1 Qxc2 46.Qa8 Qxc3+ 47.Kb1 Qb3+ 48.Kc1 Qc4+ 49.Kd2 Qb4+
50.Kd3 Qb3+ 51.Ke4 Qc2+ 52.Kf3 Qf5+ 53.Kg3 Bxg5 54.Qc6+ Ke7 55.Qc7+ Ke8 56.Qxd6 Bf4+
57.Bxf4 Qxf4+ 58.Kh3 Qf3+ 59.Kh4 Qxf2+ 60.Kg5 Qf4+ 61.Kg6 Qf7+ 62.Kg5 Qe7+
63.Qxe7+ Kxe7 64.Kf5 e4 65.Kxe4 Kd6 66.Kd4 Kd7 67.Ke5 Ke7 68.Kd4 Kd6 69.Ke4 Kd7
70.Ke5 Ke7 71.d6+ Kd7 72.Kd5 Kd8 73.Ke6 Ke8 74.Ke5  1/2-1/2

[Event "41st TCh-GRE"]
[Site "Rio (Achaia) GRE"]
[Date "2013.07.07"]
[Round "7.1"]
[White "Papadopoulos,I"]
[Black "Tzoumbas,A"]
[Result "1-0"]
[WhiteElo "2415"]
[BlackElo "2334"]

1.e4 c5 2.Nf3 d6 3.d4 cxd4 4.Nxd4 Nf6 5.Nc3 a6 6.Be3 Ng4 7.Bg5 h6 8.Bh4 g5
9.Bg3 Bg7 10.Qd2 Nc6 11.Nb3 Be6 12.h4 Rg8 13.hxg5 hxg5 14.Be2 Be5 15.Bxe5 Ngxe5
16.Nd5 Rc8 17.Rh5 f6 18.O-O-O Bf7 19.Rh6 Ng6 20.Kb1 Kf8 21.g3 Kg7 22.Ne3 Bxb3
23.Nf5+ Kf8 24.axb3 Nce5 25.f4 Nf7 26.Rh7 b5 27.Qd5 Qe8 28.Nd4 Nd8 29.f5 Rc5
30.Qa8  1-0

[Event "41st TCh-GRE"]
[Site "Rio (Achaia) GRE"]
[Date "2013.07.07"]
[Round "7.9"]
[White "Apostolakakis,Konstantinos"]
[Black "Stathopoulos,I"]
[Result "0-1"]
[WhiteElo "1782"]
[BlackElo "2247"]

1.e4 c5 2.Nf3 d6 3.d4 cxd4 4.Nxd4 Nf6 5.Nc3 a6 6.Be3 e6 7.f3 b5 8.Qd2 Nbd7
9.O-O-O h6 10.g4 b4 11.Na4 Ne5 12.Qxb4 Bd7 13.Nb3 Rb8 14.Bb6 Rxb6 15.Qxb6 Bxa4
16.Qxa6 Bd7 17.Nd4 g5 18.Nb5 d5 19.Qa7 Qc8 20.Nc7+ Kd8 21.Nxd5 exd5 22.Qb6+ Ke7
23.exd5 Bg7 24.Ba6 Qd8 25.Qc5+ Ke8 26.Rhe1 Ng8 27.Re3 Ne7 28.Rde1 f6 29.d6 N7g6
30.Bc4 Kf8 31.Qd5 Nxc4 32.Qxc4 Ne5 33.Qd5 Qe8 34.c4 Be6 35.Qc5 Kg8 36.b3 Kh7
37.Qd4 Qg6 38.c5 Rc8 39.Rc3 Bd7 40.Ree3 Nc6 41.Qc4 f5 42.Rc2 Qf6 43.Rcc3 Rf8
44.b4 fxg4 45.fxg4 Qf1+ 46.Qxf1 Rxf1+ 47.Kb2 Rf4 48.a3 Rc4 49.Kb3 Rxc3+ 50.Rxc3 Bxc3
51.Kxc3 Na7 52.Kb3 Kg6 53.a4 Kf6 54.b5 Nxb5 55.axb5 Bxb5  0-1

[Event "31st Greek Team Cup Final 4"]
[Site "Athens GRE"]
[Date "2013.07.08"]
[Round "1.1"]
[White "Pavlidis,Ant"]
[Black "Kanakaris,G"]
[Result "1-0"]
[WhiteElo "2473"]
[BlackElo "2310"]

1.e4 c5 2.Nf3 d6 3.d4 Nf6 4.Nc3 cxd4 5.Nxd4 a6 6.Be3 e5 7.Nb3 Be7 8.h3 Be6
9.Qf3 O-O 10.O-O-O Nbd7 11.g4 b5 12.Nd5 Bxd5 13.exd5 Nb6 14.Kb1 Nc4 15.Bc1 Rc8
16.Bd3 Re8 17.Bf5 Rc7 18.g5 Nd7 19.h4 a5 20.Rdg1 g6 21.Be4 Bf8 22.h5 Ndb6
23.Rh4 a4 24.Nd2 b4 25.Rgh1 Nxd2+ 26.Bxd2 Nc4 27.Bc1 Na5 28.hxg6 fxg6 29.Bxg6 Ree7
30.Qf6 Qd7 31.Bf5  1-0

[Event "EY Boys Teams 2013"]
[Site "Maribor SLO"]
[Date "2013.07.08"]
[Round "3"]
[White "Bratkovic,Sham"]
[Black "Drozdowski,K"]
[Result "1-0"]
[WhiteElo "2012"]
[BlackElo "2456"]

1.e4 c5 2.Nf3 d6 3.d4 cxd4 4.Nxd4 Nf6 5.Nc3 a6 6.Be3 e5 7.Nb3 Be7 8.Bc4 Qc7
9.Bd5 O-O 10.O-O Be6 11.Rc1 Nc6 12.a3 Rac8 13.h3 b5 14.f4 exf4 15.Bxf4 b4
16.axb4 Nxb4 17.Bxe6 fxe6 18.Be3 d5 19.exd5 Rfd8 20.Qe2 exd5 21.Nd4 Re8 22.Qf3 Bc5
23.Bf2 Ne4 24.Nxe4 Rxe4 25.c3 Rf8 26.Qh5 Re5 27.Qd1 Nc6 28.Bg3 Rfe8 29.Bxe5 Qxe5
30.Qf3 Nxd4 31.cxd4 Bxd4+ 32.Kh1 h6 33.b3 Kh8 34.Rcd1 Rd8 35.Rfe1 Qf6 36.Qg4 Be5
37.Qh5 Bc7 38.Re8+ Rxe8 39.Qxe8+ Kh7 40.Qe3 Qd6 41.g3 Qxg3 42.Qxg3 Bxg3 43.Ra1 d4
44.Rxa6 d3 45.Ra7 d2 46.Rd7 Bf4 47.Kg2 Kg6 48.Kf3 Kf5 49.Rd5+ Ke6 50.Ke4 g5
51.Rd3 h5 52.b4 Bd6 53.b5 Kd7 54.Kf5 Kc7 55.Kxg5 Bb4 56.Kxh5 Kb6 57.Rd5 Bc3
58.Kg6 Ka5 59.h4 Kb4 60.b6 Kc4 61.Rxd2 Bxd2 62.b7 Bf4 63.h5 Kc5 64.h6 Kc6
65.h7 Be5 66.b8=Q Bxb8 67.h8=Q Bd6 68.Kf5 Kd5 69.Qd8  1-0

[Event "EY Girls Teams 2013"]
[Site "Maribor SLO"]
[Date "2013.07.08"]
[Round "3"]
[White "Foster,Chantelle L"]
[Black "Akopova,A"]
[Result "1/2-1/2"]
[WhiteElo "1866"]
[BlackElo "2048"]

1.e4 c5 2.Nf3 d6 3.d4 cxd4 4.Nxd4 Nf6 5.Nc3 a6 6.Be3 e5 7.Nb3 Be6 8.f3 Nbd7
9.Qd2 b5 10.g4 h6 11.O-O-O b4 12.Nd5 Bxd5 13.exd5 Nb6 14.g5 hxg5 15.Bxg5 Be7
16.Bg2 Ne4 17.Bxe7 Nxd2 18.Bxd8 Nxb3+ 19.axb3 Kxd8 20.f4 exf4 21.h4 Nd7 22.Rd4 a5
23.Rxf4 Ne5 24.h5 Ke7 25.Rfh4 Rh6 26.R4h3 Rah8 27.Kd2 Rc8 28.Rg3 Kf8 29.Be4 Rc5
30.Rh2 g6 31.Rgh3 f5 32.Bh1 g5 33.Rg3 g4 34.Rg1 Kf7 35.Ke3 Kf6 36.Rf1 Kg5
37.Rhf2 Rf6 38.Be4 Nf3 39.Bxf3 gxf3 40.Rg1+ Kh6 41.Rd2 Rc7 42.Kxf3 Kh7 43.Kf4 Re7
44.Rdg2 Re4+ 45.Kf3 Rg4 46.Rg3 Rf7 47.R1g2 Rd4 48.h6 Rxd5 49.Rg7+ Rxg7 50.hxg7 Kg8
51.Kf4 Rc5 52.Ke3 Rc7 53.Kf4 Rc5 54.Ke3 Rc7 55.Kf4  1/2-1/2

[Event "36th Barbera Open"]
[Site "Barbera del Valles ESP"]
[Date "2013.07.09"]
[Round "6.2"]
[White "Narayanan,Sri"]
[Black "Ortiz Suarez,I"]
[Result "0-1"]
[WhiteElo "2475"]
[BlackElo "2612"]

1.e4 c5 2.Nf3 d6 3.d4 cxd4 4.Nxd4 Nf6 5.Nc3 a6 6.Be3 e6 7.f3 b5 8.a3 Nbd7
9.g4 Nb6 10.Qd2 Bb7 11.O-O-O Rc8 12.Kb1 Nfd7 13.Rg1 Ne5 14.b3 b4 15.axb4 d5
16.Nxd5 exd5 17.f4 dxe4 18.fxe5 Nd5 19.Bc4 Rxc4 20.bxc4 Bxb4 21.Qf2 Nc3+
22.Kb2 Nxd1+ 23.Rxd1 O-O 24.Qe2 Qa5 25.Kb1 Qxe5 26.Nf5 Bc3 27.Bb6 g6 28.Nd6 Bc6
29.Qe3 Rb8 30.c5 Rxb6+  0-1

[Event "36th Barbera Open"]
[Site "Barbera del Valles ESP"]
[Date "2013.07.09"]
[Round "6.10"]
[White "Lopez Martinez,Josep"]
[Black "Rios,Cr"]
[Result "0-1"]
[WhiteElo "2547"]
[BlackElo "2360"]

1.e4 c5 2.Nf3 d6 3.d4 cxd4 4.Nxd4 Nf6 5.Nc3 a6 6.Be3 e6 7.f3 b5 8.Qd2 Nbd7
9.a4 b4 10.Na2 d5 11.Nxb4 dxe4 12.Be2 Bb7 13.f4 Bc5 14.c3 O-O 15.O-O Nb6
16.c4 Ng4 17.Nbc2 Nxe3 18.Qxe3 a5 19.Kh1 Qe8 20.f5 exf5 21.Rxf5 Nd7 22.Qg3 g6
23.Nb3 Bd6 24.Qxd6 gxf5 25.Nbd4 Ra6 26.Qc7 Bc8 27.c5 Rf6 28.Qxa5 Qe5 29.Qc3 Rh6
30.g3 Nxc5 31.Qe3 Rg6 32.b4 Ne6 33.Nc6 Qd6 34.b5 f4 35.Qa3 Qd2 36.Qb2 Re8
37.Re1 fxg3 38.Qc1 g2+ 39.Kg1 Qxc1  0-1

[Event "FSIM July 2013"]
[Site "Budapest HUN"]
[Date "2013.07.10"]
[Round "5.4"]
[White "Szalanczy,E"]
[Black "Sean,W"]
[Result "0-1"]
[WhiteElo "2297"]
[BlackElo "2259"]

1.e4 c5 2.Nf3 d6 3.d4 cxd4 4.Nxd4 Nf6 5.Nc3 a6 6.Be3 e6 7.g4 e5 8.Nf5 g6
9.Qe2 gxf5 10.exf5 Bd7 11.Bg2 Bc6 12.f4 Qe7 13.O-O exf4 14.Rxf4 Bh6 15.Raf1 Bxg2
16.Kxg2 Bxf4 17.Rxf4 Nc6 18.g5 Rg8 19.h4 h6 20.Rc4 hxg5 21.hxg5 d5 22.Rc5 d4
23.Rxc6 bxc6 24.Qf3 Qd7 25.Kf1 dxe3 26.Qxe3+ Kf8 27.Qe5 Rxg5  0-1

[Event "3rd SPAChess Open"]
[Site "Amsterdam NED"]
[Date "2013.07.12"]
[Round "7.2"]
[White "Rijnaarts,S"]
[Black "Neverov,V"]
[Result "1/2-1/2"]
[WhiteElo "2360"]
[BlackElo "2492"]

1.e4 c5 2.Nf3 d6 3.d4 cxd4 4.Nxd4 Nf6 5.Nc3 a6 6.Be3 e5 7.Nb3 Be6 8.Qd2 Nbd7
9.f4 Qc7 10.f5 Bc4 11.O-O-O Rc8 12.Kb1 b5 13.a3 Be7 14.h3 Bxb3 15.cxb3 Qb7
16.Bd3 Nc5 17.Bxc5 dxc5 18.Qe2 O-O 19.a4 c4 20.bxc4 bxc4 21.Bxc4 Qb4 22.Nd5 Nxd5
23.Bxd5 Qxa4 24.Rc1 Rb8 25.Rc3 Ba3 26.b3 Qa5 27.Rg3 Rfc8 28.Rd1 Qc7 29.Rgd3 Bf8
30.R3d2 a5 31.Rc2 Qa7 32.Rdc1 Rc5 33.Rxc5 Bxc5 34.Qc4 Bd6 35.Qc6 Qe7 36.Qa6 Bb4
37.Rc8+ Rxc8 38.Qxc8+ Qf8 39.Bxf7+ Kh8 40.Qd7 Qb8 41.Bc4 Bd6 42.g4 Qb4 43.Qe8+ Bf8
44.Qxe5 Qe1+ 45.Ka2 Qf2+ 46.Qb2 Qf3 47.e5 Qxh3 48.Be2 Qe3 49.e6 h6 50.Qc2 Be7
51.Bd3 Bf6 52.Qc8+ Kh7 53.g5 hxg5 54.Qc2 Qe5 55.Qc1 Qh2+ 56.Kb1 Kh6 57.Bc2 Qf4
58.Qh1+ Qh4 59.Qd1 g4 60.Ka2 g3 61.Qd2+ Qg5 62.Qg2 Qf4 63.e7 Bxe7 64.Qa8 Bf6
65.Qe8 Qg4 66.Qe3+ Kh7 67.Qe4 Qxe4 68.Bxe4 Kh6 69.Kb1 Kh5 70.Kc2 Kg4 71.Bg2 Kxf5
72.Kd3 Kf4 73.Ke2 Bd4 74.Kf1 Kg4 75.Ke2 g5 76.Kf1 Bb6 77.Ke2 Kf4 78.Kf1 g4
79.Bd5 Ke5 80.Bg8  1/2-1/2

[Event "ch-BEL Open 2013"]
[Site "Antwerp BEL"]
[Date "2013.07.12"]
[Round "7.1"]
[White "Beukema,S"]
[Black "Sadikhov,U"]
[Result "1-0"]
[WhiteElo "2295"]
[BlackElo "2222"]

1.e4 c5 2.Nf3 d6 3.d4 cxd4 4.Nxd4 Nf6 5.Nc3 a6 6.Be3 e6 7.f4 Qc7 8.Qf3 b5
9.g4 b4 10.Nce2 e5 11.Nf5 Nxe4 12.Qxe4 Bb7 13.Qd3 Bxh1 14.Neg3 Bc6 15.fxe5 dxe5
16.Nh5 Qd7 17.Qe2 Bb5 18.Qf2 Bxf1 19.Rd1 Qc6 20.Qh4 Nd7 21.Nhxg7+ Bxg7 22.Qe7+  1-0

[Event "Styrian Open A 2013"]
[Site "Bad Gleichenberg AUT"]
[Date "2013.07.12"]
[Round "7.17"]
[White "Bahl,Felix"]
[Black "Gstach,Jakob"]
[Result "1/2-1/2"]
[WhiteElo "2005"]
[BlackElo "2140"]

1.e4 c5 2.Nf3 d6 3.d4 cxd4 4.Nxd4 Nf6 5.Nc3 a6 6.Be3 e5 7.Nb3 Be6 8.Qd2 Be7
9.f3 h5 10.Nd5 Bxd5 11.exd5 Nbd7 12.c4 a5 13.a4 O-O 14.Be2 Nh7 15.f4 exf4
16.Bxf4 g6 17.O-O Bg5 18.Bxg5 Qxg5 19.Qxg5 Nxg5 20.Nd4 Nc5 21.Bd1 Nge4 22.b3 Kg7
23.Bc2 Nf6 24.Rae1 Rfe8 25.Nb5 Rad8 26.Rxe8 Nxe8 27.Re1 Kf8 28.Rf1 Ke7 29.Re1+ Kd7
30.h3 Nc7 31.Rf1 f5 32.Nd4 N7a6 33.g4 hxg4 34.hxg4 Nb4 35.Bb1 fxg4 36.Rf7+ Kc8  1/2-1/2

[Event "Corporation Cup 2013"]
[Site "Izhevsk RUS"]
[Date "2013.07.12"]
[Round "1.3"]
[White "Khanin,S"]
[Black "Kokarev,Dm"]
[Result "0-1"]
[WhiteElo "2245"]
[BlackElo "2630"]

1.e4 c5 2.Nf3 d6 3.d4 cxd4 4.Nxd4 Nf6 5.Nc3 a6 6.Be3 e5 7.Nb3 Be6 8.f3 Nbd7
9.Qd2 h5 10.O-O-O Qc7 11.h3 Be7 12.Bd3 h4 13.f4 b5 14.f5 Bc4 15.Qf2 b4 16.Bxc4 Qxc4
17.Nd5 Rc8 18.Kb1 Nxe4 19.Qf3 Ng3 20.Rhe1 Qxc2+ 21.Ka1 Qxf5 22.Bf4 Bf6 23.Nd4 Qh5
24.Qd3 Nc5 25.Qb1 Nge4 26.Nf3 O-O 27.Bh2 Qh7 28.Nxb4 a5 29.Nd5 Rfd8 30.Bg1 a4
31.Nxf6+ gxf6 32.Bxc5 Nxc5 33.Qxh7+ Kxh7 34.Rd5 Ne6 35.Nxh4 Rc2 36.Nf5 Rxg2
37.Rxd6 Rxd6 38.Nxd6 Nd4 39.Rh1 f5 40.Nxf7 e4 41.Kb1 e3 42.Ne5 f4 43.Re1 e2
44.Kc1 f3 45.Nd3 f2 46.Nxf2 Rxf2 47.Kd2 Rf1  0-1

[Event "EY Boys Teams 2013"]
[Site "Maribor SLO"]
[Date "2013.07.12"]
[Round "7"]
[White "Rieger,R"]
[Black "Markoja,S"]
[Result "1-0"]
[WhiteElo "2174"]
[BlackElo "2095"]

1.e4 c5 2.Nf3 d6 3.d4 cxd4 4.Nxd4 Nf6 5.Nc3 a6 6.Be3 e5 7.Nb3 Be6 8.h3 Be7
9.Qf3 Nbd7 10.g4 Nb6 11.O-O-O O-O 12.g5 Nfd7 13.Qg3 a5 14.f4 a4 15.Nd2 exf4
16.Bxf4 Re8 17.a3 Ne5 18.h4 Qc7 19.h5 f5 20.Bh3 Nbc4 21.Nxc4 Qxc4 22.g6 h6
23.Qe3 Ra5 24.Bf1  1-0

[Event "Minsk Open 2013"]
[Site "Minsk BLR"]
[Date "2013.07.13"]
[Round "1.3"]
[White "Khramov,Andrey"]
[Black "Brodsky,M"]
[Result "0-1"]
[WhiteElo "1903"]
[BlackElo "2562"]

1.e4 c5 2.Nf3 d6 3.d4 Nf6 4.Nc3 cxd4 5.Nxd4 a6 6.Be3 e5 7.Nb3 Be6 8.f3 h5
9.Nd5 Bxd5 10.exd5 Nbd7 11.Qd2 a5 12.Rc1 Be7 13.c4 a4 14.Na1 Qb8 15.Be2 Bd8
16.O-O Ba5 17.Qd1 O-O 18.Nc2 b5 19.cxb5 Nb6 20.Bxb6 Qxb6+ 21.Kh1 Rac8 22.Qd3 Qc5
23.Rfd1 Rfe8 24.Qa3 Qf2 25.Bd3 e4 26.Rf1 Qh4 27.Qxa4 Bd2 28.Rcd1 Bf4 29.g3 Bxg3
30.Rd2 Bf4 31.Rg2 exd3 32.Nd4 Re1  0-1

[Event "3rd SPAChess Open"]
[Site "Amsterdam NED"]
[Date "2013.07.14"]
[Round "8.2"]
[White "Rijnaarts,S"]
[Black "Goudriaan,E"]
[Result "0-1"]
[WhiteElo "2360"]
[BlackElo "2369"]

1.e4 c5 2.Nf3 d6 3.d4 cxd4 4.Nxd4 Nf6 5.Nc3 a6 6.Be3 e5 7.Nb3 Be6 8.Qd2 Be7
9.O-O-O O-O 10.f4 b5 11.f5 Bd7 12.g4 b4 13.Nd5 Nxd5 14.exd5 a5 15.Kb1 Na6
16.Qf2 a4 17.Na5 Bh4 18.Qg1 b3 19.c3 bxa2+ 20.Kxa2 a3 21.b4 Qc7 22.Rc1 Rfb8
23.Nc4 Bb5 24.Nxa3 Bxf1 25.Qxf1 Qb7 26.Qc4 Nc7 27.Kb2 Nxd5 28.Bd2 Nb6 29.Qb3 Na4+  0-1

[Event "Ikaros Aegean Open 2013"]
[Site "Aghios Kirykos GRE"]
[Date "2013.07.15"]
[Round "3"]
[White "Karganashvili,Evgeny"]
[Black "Kiselev,P"]
[Result "1/2-1/2"]
[WhiteElo "1972"]
[BlackElo "2209"]

1.e4 c5 2.Nf3 d6 3.d4 cxd4 4.Nxd4 Nf6 5.Nc3 a6 6.Be3 e5 7.Nb3 Be6 8.Nd5 Nbd7
9.f3 Nxd5 10.exd5 Bf5 11.Bd3 Bg6 12.c4 Rc8 13.O-O Be7 14.f4 Bxd3 15.Qxd3 O-O
16.Nd2 exf4 17.Bxf4 Bg5 18.Bxg5 Qxg5 19.Nf3 Qg4 20.b3 b5 21.cxb5 axb5 22.h3 Qb4
23.Ng5 g6 24.Ne4 f5 25.Ng5 Ne5 26.Qd1 Rc3 27.Ne6 Rfc8 28.Rf4 Qa3 29.Kh2 Rd3
30.Qe2 Rxd5 31.Rd1 Qa8 32.Rfd4 Rxd4 33.Nxd4 b4 34.Nb5 Qb8 35.Nxd6 Re8 36.Kh1 Re6
37.Qd2 Nf7 38.Nxf7 Kxf7 39.Qd7+ Re7 40.Qd5+  1/2-1/2

[Event "7th LCT 2013"]
[Site "Leiden NED"]
[Date "2013.07.15"]
[Round "4.8"]
[White "Padurariu,I"]
[Black "Sethuraman,S"]
[Result "0-1"]
[WhiteElo "2208"]
[BlackElo "2562"]

1.e4 c5 2.Nf3 d6 3.d4 cxd4 4.Nxd4 Nf6 5.Nc3 a6 6.Be3 e6 7.f3 b5 8.Qd2 Nbd7
9.O-O-O Bb7 10.g4 Nb6 11.g5 Nfd7 12.Bd3 Rc8 13.Kb1 Be7 14.h4 Ne5 15.Qe1 b4
16.Nce2 d5 17.Qg3 Bd6 18.Qh3 Nbc4 19.Bc1 Qb6 20.f4 Nxd3 21.cxd3 Na3+ 22.bxa3 bxa3+
23.Nb3 dxe4 24.Be3 Qd8 25.Ned4 a5 26.Nxe6 fxe6 27.Qxe6+ Qe7 28.Qxe7+ Kxe7
29.Rhe1 a4 30.Nd4 Kf7 31.Nf5 Bb4 32.Bd2 Bxd2 33.Rxd2 Rhd8 34.d4 g6 35.Nh6+ Ke6
36.Re3 Rb8 37.Kc1 Rf8 38.Rf2 Rbd8 39.d5+ Bxd5 40.Rxa3 Bc4 41.Ng4 Bb5 42.Rc3 Bd3
43.Ne3 Rb8 44.Nd1 Rb1+ 45.Kd2 Rd8 46.Ne3 Rdb8 47.Nc2 Rh1 48.Rc5 Kd6 49.Re5 Rb2
50.Kc3 a3 51.Rd2 Rc1 52.Rxe4 Rcxc2+ 53.Rxc2 Bxe4  0-1

[Event "Minsk Open 2013"]
[Site "Minsk BLR"]
[Date "2013.07.15"]
[Round "3.3"]
[White "Aliavdin,N"]
[Black "Brodsky,M"]
[Result "1/2-1/2"]
[WhiteElo "2349"]
[BlackElo "2562"]

1.e4 c5 2.Nf3 d6 3.d4 Nf6 4.Nc3 cxd4 5.Nxd4 a6 6.Be3 e5 7.Nb3 Be6 8.f3 h5
9.Be2 Nbd7 10.a4 Rc8 11.O-O Be7 12.Qd2 O-O 13.Rfd1 Qc7 14.a5 Rfd8 15.Nc1 g6
16.Bf1 d5 17.exd5 Nf8 18.Nd3 Nxd5 19.Nxd5 Rxd5 20.Rdc1 Bf5 21.Qf2 Rxa5 22.Bb6 Bc5
23.Bxc5 Rxa1 24.Rxa1 Bxd3 25.Bxf8 Bxf1 26.Bh6 Bb5 27.c3 Qd6 28.Re1 Re8 29.h3 Bc6
30.Be3 a5 31.Qg3 Re6 32.Qf2 Qd3 33.Re2 Qd1+ 34.Kh2 Qd7 35.Qg3 Kh7 36.Qg5 Kg8  1/2-1/2

[Event "28th Gniot Mem 2013"]
[Site "Police POL"]
[Date "2013.07.15"]
[Round "6.12"]
[White "Smieszek,W"]
[Black "Korbal,A"]
[Result "0-1"]
[WhiteElo "1843"]
[BlackElo "2131"]

1.e4 c5 2.Nf3 d6 3.d4 cxd4 4.Nxd4 Nf6 5.Nc3 a6 6.Be3 e5 7.Nb3 Be7 8.Be2 Qc7
9.g4 Be6 10.g5 Nfd7 11.Qd2 Nc6 12.O-O-O O-O 13.h4 Rac8 14.Kb1 Nc5 15.f3 b5
16.h5 Nb4 17.g6 Nxb3 18.cxb3 d5 19.h6 fxg6 20.hxg7 Rf7 21.exd5 Bf5+ 22.Ne4 Nxd5
23.Rc1 Qb7 24.Rxc8+ Bxc8 25.Bh6 Bf5 26.Bd3 Nb4 27.Rd1 Qd5 28.Qc3 Nxd3 29.Rxd3 Bxe4
30.fxe4 Rf1+ 31.Kc2 Qe6 32.Qc7 Rf2+ 33.Kc1 Rf1+ 34.Kd2 Bb4+ 35.Ke2 Re1+ 36.Kf2 Qf6+
37.Rf3 Rf1+ 38.Kxf1 Qxf3+ 39.Kg1 Qg3+ 40.Kf1 Qh3+ 41.Ke2 Qxh6 42.Qb8+ Kxg7
43.Qxe5+ Kg8 44.Qd5+ Kf8 45.Qd8+ Kf7 46.Qd5+ Ke8 47.Qa8+ Ke7 48.Qb7+ Kf8
49.Qa8+ Kg7 50.Qb7+ Kh8 51.Qxa6 Qd2+ 52.Kf3 Qd3+ 53.Kg2 Qxe4+ 54.Kh3 Qf3+
55.Kh2 Qe2+ 56.Kh3 Qd3+ 57.Kg2 Qd5+ 58.Kh3 Qf5+ 59.Kg2 Bf8 60.Qb6 h5 61.a4 Qd5+
62.Kf1 Qf3+ 63.Kg1 Qg4+ 64.Kh1 bxa4 65.bxa4 Bg7 66.a5 Qe4+ 67.Kh2 Be5+ 68.Kg1 Bd4+  0-1

[Event "Corporation Cup 2013"]
[Site "Izhevsk RUS"]
[Date "2013.07.16"]
[Round "5.6"]
[White "Amonatov,F"]
[Black "Nikologorskiy,K"]
[Result "1-0"]
[WhiteElo "2637"]
[BlackElo "2398"]

1.e4 c5 2.Nf3 d6 3.d4 cxd4 4.Nxd4 Nf6 5.Nc3 a6 6.Be3 e5 7.Nb3 Be6 8.f4 Qc7
9.f5 Bc4 10.Bxc4 Qxc4 11.Qf3 b5 12.a3 Nbd7 13.O-O-O a5 14.Qf1 Qxf1 15.Rhxf1 a4
16.Nd2 Rb8 17.h3 Be7 18.g4 h6 19.Rg1 g5 20.fxg6 fxg6 21.h4 h5 22.gxh5 Rxh5
23.Bg5 Ng8 24.Nf3 Bxg5+ 25.Nxg5 Rb6 26.Nd5 Rc6 27.Rdf1 Rxh4 28.Ne6 Rh6 29.c3 Rc4
30.Ng7+ Kd8 31.Nf5  1-0

[Event "Minsk Open 2013"]
[Site "Minsk BLR"]
[Date "2013.07.16"]
[Round "4.5"]
[White "Aliavdin,N"]
[Black "Ter Sahakyan,S"]
[Result "1/2-1/2"]
[WhiteElo "2349"]
[BlackElo "2582"]

1.e4 c5 2.Nf3 d6 3.d4 cxd4 4.Nxd4 Nf6 5.Nc3 a6 6.Be3 e5 7.Nb3 Be6 8.f3 Be7
9.Qd2 O-O 10.O-O-O a5 11.a4 Na6 12.g4 Nb4 13.Kb1 Rc8 14.g5 Nd7 15.f4 exf4
16.Bxf4 Ne5 17.Nd4 Bg4 18.Be2 Nc4 19.Qe1 Bxe2 20.Qxe2 Bxg5 21.Bxg5 Qxg5 22.Nf5 Qf6
23.Rd4 d5 24.Nxd5 Nxd5 25.Rxc4 Nf4 26.Qf1 Rxc4 27.Qxc4 h5 28.Qc7 Ne6 29.Qxa5 g6
30.Nd6 Qd4 31.e5 Nc5 32.b3 Qxe5 33.Rd1 Qe3 34.Nc4 Qe7 35.Re1 Ne6 36.Rd1 Rc8
37.Qe5 Rd8 38.Rxd8+  1/2-1/2